000 01043cam a2200313 a 4500
999 _c124200
_d124200
001 15560088
003 ARRUPE
005 20170301090452.0
008 081217s2008 enk b 000 0 eng
010 _a 2008301206
015 _aGBA874124
_2bnb
016 7 _a014634166
_2Uk
020 _a9781906286163 (pbk.)
020 _a1906286167 (pbk.)
035 _a(OCoLC)ocn212847214
040 _aUKM
_cUKM
_dBTCTA
_dBAKER
_dYDXCP
_dBWKUK
_dBWK
_dBWX
_dDLC
042 _alccopycat
050 0 0 _aBR118
_b.H364 2008
082 0 0 _a230
_222
100 1 _aHarrison, William H.
_922374
245 1 0 _aFrequently-asked questions in Christian theology /
_cWilliam H. Harrison.
260 _aLondon ;
_aNew York :
_bMowbray,
_c2008.
300 _a171 p. ;
_c22 cm.
504 _aIncludes bibliographical references.
650 0 _aTheology, Doctrinal
_922375
906 _a7
_bcbc
_ccopycat
_d2
_encip
_f20
_gy-gencatlg
942 _2lcc
_cMONOGRAPH